Software Project Management (Record no. 1462)

MARC details
000 -LEADER
fixed length control field 00466nam a22001817a 4500
005 - DATE AND TIME OF LATEST TRANSACTION
control field 20210911141044.0
008 - FIXED-LENGTH DATA ELEMENTS--GENERAL INFORMATION
fixed length control field 160523b xxu||||| |||| 00| 0 eng d
020 ## - INTERNATIONAL STANDARD BOOK NUMBER
ISBN 0-07-058672-1
041 ## - LANGUAGE CODE
Language code of text/sound track or separate title eng
082 ## - DEWEY DECIMAL CLASSIFICATION NUMBER
Item number 4375
Classification number 005.1
100 ## - MAIN ENTRY--AUTHOR NAME
Personal name Hughes, Bob and Cotterell, Mike
245 ## - TITLE STATEMENT
Title Software Project Management
250 ## - EDITION STATEMENT
Edition statement 3rd ed.
260 ## - PUBLICATION, DISTRIBUTION, ETC. (IMPRINT)
Place of publication New Delhi
Name of publisher Academic Faundation
300 ## - PHYSICAL DESCRIPTION
Number of Pages 346
650 ## - SUBJECT ADDED ENTRY--TOPICAL TERM
Topical Term Information Technology
942 ## - ADDED ENTRY ELEMENTS (KOHA)
Koha item type Books
Holdings
Lost status Damaged status Collection code Home library Current library Shelving location Date acquired Source of acquisition Cost, normal purchase price Full call number Accession Number Koha item type
    AGRICULTURE JRU Library JRU Library SHELF-50-A 23/05/2016 PURCHASE 300.00 005.1 4375 Books
    CS/IT JRU Library JRU Library SHELF-50-A 23/05/2016 PURCHASE 300.00 005.1 4376 Books
    CS/IT JRU Library JRU Library SHELF-50-A 23/05/2016 PURCHASE 300.00 005.1 4377 Books
      JRU Library   SHELF-3-B 23/05/2016   300.00 4375 4378 Books
    CS/IT JRU Library JRU Library SHELF-50-A 23/05/2016 PURCHASE 300.00 005.1 4379 Books
    Reference JRU Library JRU Library SHELF-50-A 23/05/2016 PURCHASE 300.00 005.1 4380 Books